[Event "SWE-chT2 1112"]
[Site "Sweden"]
[Date "2012.02.05"]
[Round "6"]
[White "Astrom, Robert"]
[Black "Wedberg, Tom"]
[Result "1/2-1/2"]
[WhiteElo "2445"]
[BlackElo "2487"]
[PlyCount "107"]
[EventDate "2011.10.22"]
[EventType "team-tourn"]
[EventRounds "9"]
[EventCountry "SWE"]
[SourceTitle "EXT 2013"]
[Source "ChessBase"]
[SourceDate "2012.11.22"]
[SourceVersion "1"]
[SourceVersionDate "2012.11.22"]
[SourceQuality "1"]
[WhiteTeam "Lulea"]
[BlackTeam "Wasa"]
[WhiteTeamCountry "SWE"]
[BlackTeamCountry "SWE"]

1. d4 Nf6 2. Nf3 e6 3. c4 c5 4. d5 d6 5. Nc3 exd5 6. cxd5 g6 7. h3 a6 8. a4 Bg7 9. e4 0-0 10. Bd3 Nh5 11. 0-0 Nd7 12. Re1 Re8 13. Bg5 Bf6 14. Be3 Ne5 15. Be2 Nxf3+ 16. Bxf3 Ng7 17. a5 Rb8 18. Na4 Bd7 19. Qd2 Bxa4 20. Rxa4 Qd7 21. b3 b5 22. axb6 Rxb6 23. Qa2 Qb7 24. Rb1 Ra8 25. Be2 Ne8 26. Bc4 Nc7 27. Bf4 Re8 28. Re1 Bc3 29. Re2 Bd4 30. Kh2 Qc8 31. Bg3 Nb5 32. Bxb5 axb5 33. Ra7 c4 34. bxc4 b4 35. Qb3 Qc5 36. f3 Rc8 37. Rc2 Bg1+ 38. Kh1 Qd4 39. Rc1 Be3 40. Rd1 Qc3 41. Rd3 Qc1+ 42. Rd1 Qc3 43. Rd3 Qxb3 44. Rxb3 Bd4 45. Bf4 Rxc4 46. Bh6 Rb8 47. Ra6 Bc5 48. Rb1 f6 49. Rc6 b3 50. Rc7 Ra4 51. Rg7+ Kh8 52. Rc7 Kg8 53. Rg7+ Kh8 54. Rc7 1/2-1/2

[Event "SWE-chB"]
[Site "Vasteras"]
[Date "2011.07.23"]
[Round "8"]
[White "Wiedenkeller, Michael"]
[Black "Astrom, Robert"]
[Result "1-0"]
[WhiteElo "2452"]
[BlackElo "2445"]
[PlyCount "65"]
[EventDate "2011.07.16"]
[EventType "tourn"]
[EventRounds "9"]
[EventCountry "SWE"]
[EventCategory "5"]
[SourceTitle "CBM 143 Extra"]
[Source "ChessBase"]
[SourceDate "2011.08.29"]
[SourceVersion "1"]
[SourceVersionDate "2011.08.29"]
[SourceQuality "1"]

1. d4 d5 2. c4 c6 3. Nf3 Nf6 4. e3 e6 5. Nbd2 c5 6. b3 cxd4 7. exd4 Be7 8. Bb2 Nc6 9. Bd3 0-0 10. 0-0 b6 11. Rc1 Bb7 12. Qe2 Rc8 13. Rfd1 Re8 14. Ne5 Bf8 15. Ndf3 g6 16. Nxc6 Bxc6 17. Ne5 dxc4 18. Nxc6 Rxc6 19. bxc4 Rc8 20. Bc3 Bg7 21. Qb2 Nd7 22. Qb5 Qc7 23. f4 Red8 24. g3 Nb8 25. Be2 Nc6 26. d5 Bxc3 27. Rxc3 Na5 28. dxe6 Rxd1+ 29. Bxd1 fxe6 30. Bg4 Qd6 31. Re3 Kf8 32. Qb2 Qc5 33. Qf6+ 1-0

[Event "SWE-chB"]
[Site "Vasteras"]
[Date "2011.07.16"]
[Round "1"]
[White "Johansson, Jan"]
[Black "Astrom, Robert"]
[Result "1/2-1/2"]
[WhiteElo "2397"]
[BlackElo "2445"]
[PlyCount "43"]
[EventDate "2011.07.16"]
[EventType "tourn"]
[EventRounds "9"]
[EventCountry "SWE"]
[EventCategory "5"]
[SourceTitle "CBM 143 Extra"]
[Source "ChessBase"]
[SourceDate "2011.08.29"]
[SourceVersion "1"]
[SourceVersionDate "2011.08.29"]
[SourceQuality "1"]

1. d4 Nf6 2. Nf3 g6 3. c4 Bg7 4. Nc3 d5 5. Bg5 Ne4 6. Bh4 Nxc3 7. bxc3 dxc4 8. Qa4+ Qd7 9. Qxc4 b6 10. Bg3 c5 11. Be5 Ba6 12. Qb3 0-0 13. Bxg7 Kxg7 14. dxc5 Qc7 15. cxb6 axb6 16. g3 Rc8 17. Bg2 Qxc3+ 18. Qxc3+ Rxc3 19. Kd2 Ra3 20. Ne5 Ra7 21. Rhb1 Bb7 22. Bxb7 1/2-1/2

[Event "Taby Scandinavian op"]
[Site "Taby"]
[Date "2007.08.10"]
[Round "9"]
[White "Astrom, Robert"]
[Black "Li, Chao B"]
[Result "0-1"]
[WhiteElo "2427"]
[BlackElo "2529"]
[PlyCount "114"]
[EventDate "2007.08.04"]
[EventType "swiss"]
[EventRounds "9"]
[EventCountry "SWE"]
[SourceTitle "CBM 119 Extra"]
[Source "ChessBase"]
[SourceDate "2007.09.04"]
[SourceVersion "1"]
[SourceVersionDate "2007.09.04"]
[SourceQuality "1"]

1. d4 Nf6 2. Nf3 g6 3. c4 Bg7 4. Nc3 d5 5. cxd5 Nxd5 6. e4 Nxc3 7. bxc3 c5 8. Bb5+ Nc6 9. 0-0 0-0 10. Be3 Bg4 11. d5 Ne5 12. Be2 Nxf3+ 13. Bxf3 Bxf3 14. Qxf3 Qa5 15. Rac1 Rac8 16. Rc2 Qa4 17. Rfc1 Qc4 18. Bg5 f6 19. Bf4 e5 20. dxe6 Rfe8 21. Qe2 Qxe6 22. f3 f5 23. Re1 fxe4 24. fxe4 Rcd8 25. e5 Rf8 26. Bg3 Bh6 27. h3 c4 28. Rd1 Rxd1+ 29. Qxd1 Bg5 30. Qd4 b6 31. Rf2 Rd8 32. Qe4 Qd5 33. Re2 Qxe4 34. Rxe4 Rd3 35. Be1 Re3 36. Rxe3 Bxe3+ 37. Kf1 Kf7 38. Ke2 Bf4 39. Kf3 Bxe5 40. Ke4 Ke6 41. Bd2 Bf6 42. Be1 Kd6 43. Bd2 Kc6 44. Be1 a6 45. Ke3 Kd5 46. Kd2 b5 47. Bf2 Ke4 48. Bb6 Be5 49. Bf2 Kf4 50. Bh4 a5 51. Bf2 b4 52. cxb4 axb4 53. Ke2 Bc3 54. Bb6 b3 55. axb3 cxb3 56. Kd3 b2 57. Bc7+ Be5 0-1

[Event "Taby Scandinavian op"]
[Site "Taby"]
[Date "2007.08.06"]
[Round "4"]
[White "Astrom, Robert"]
[Black "Wallin, Patrik"]
[Result "1-0"]
[WhiteElo "2427"]
[BlackElo "2085"]
[PlyCount "63"]
[EventDate "2007.08.04"]
[EventType "swiss"]
[EventRounds "9"]
[EventCountry "SWE"]
[SourceTitle "CBM 119 Extra"]
[Source "ChessBase"]
[SourceDate "2007.09.04"]
[SourceVersion "1"]
[SourceVersionDate "2007.09.04"]
[SourceQuality "1"]

1. d4 d5 2. c4 c6 3. Nf3 Nf6 4. Qc2 dxc4 5. Qxc4 Bf5 6. g3 g6 7. Bg2 Bg7 8. 0-0 0-0 9. Nc3 Nbd7 10. e3 Qc8 11. Qe2 Ne4 12. Nd2 Nxd2 13. Bxd2 e5 14. d5 Nc5 15. dxc6 bxc6 16. e4 Be6 17. Be3 Nd7 18. Rac1 Qb7 19. b3 Nb6 20. Rc2 Rac8 21. Rfc1 Rfd8 22. Bf1 Rc7 23. Qa6 Qxa6 24. Bxa6 Bh3 25. Bf1 Bxf1 26. Kxf1 Bf8 27. Nb5 Rcd7 28. Rxc6 Rd1+ 29. Rxd1 Rxd1+ 30. Ke2 Ra1 31. Rc2 a6 32. Nc7 1-0

[Event "Taby Scandinavian op"]
[Site "Taby"]
[Date "2007.08.04"]
[Round "1"]
[White "Zachrisson, Mattias"]
[Black "Astrom, Robert"]
[Result "0-1"]
[WhiteElo "2090"]
[BlackElo "2427"]
[PlyCount "140"]
[EventDate "2007.08.04"]
[EventType "swiss"]
[EventRounds "9"]
[EventCountry "SWE"]
[SourceTitle "CBM 119 Extra"]
[Source "ChessBase"]
[SourceDate "2007.09.04"]
[SourceVersion "1"]
[SourceVersionDate "2007.09.04"]
[SourceQuality "1"]

1. e4 c5 2. Nf3 d6 3. d3 Nc6 4. g3 g6 5. Bg2 Bg7 6. 0-0 Nf6 7. Nbd2 0-0 8. a4 Rb8 9. Re1 e5 10. Nc4 h6 11. Nfd2 Bg4 12. f3 Be6 13. Kh1 d5 14. exd5 Nxd5 15. Ne4 b6 16. Bd2 Qd7 17. Nc3 Ndb4 18. f4 Nxc2 19. Qxc2 Nb4 20. Qb1 Bxc4 21. dxc4 Qxd2 22. fxe5 Rbe8 23. e6 Rxe6 24. Rxe6 fxe6 25. Ne4 Qxb2 26. Qxb2 Bxb2 27. Rd1 Bd4 28. Rd2 Kg7 29. Bh3 e5 30. Kg2 Nc6 31. Be6 Ne7 32. Ra2 Nf5 33. a5 Ne3+ 34. Kh3 b5 35. cxb5 c4 36. b6 c3 37. b7 Rb8 38. Nxc3 Rxb7 39. Ne4 Re7 40. Bb3 Rb7 41. Be6 Bb2 42. Ra4 h5 43. Nd6 Rb8 44. Bc8 Bd4 45. Ra2 Bc5 46. Ne8+ Kf7 47. Bd7 Rxe8 48. Bxe8+ Kxe8 49. Rb2 Ke7 50. a6 Ke6 51. Rb7 Bd4 52. Kh4 Kf6 53. Rb8 Bc5 54. Rc8 Nf5+ 55. Kh3 Bd4 56. Rc6+ Kg5 57. Kg2 h4 58. Kf3 hxg3 59. hxg3 Ne7 60. Re6 Nd5 61. Ke4 Nf6+ 62. Kd3 Nh5 63. Rd6 Nxg3 64. Kc4 Kf5 65. Kb5 g5 66. Kc6 Ne4 67. Rd7 g4 68. Rf7+ Kg6 69. Rf8 g3 70. Rg8+ Kf5 0-1

[Event "SWE-chT 0506"]
[Site "Sweden"]
[Date "2006.??.??"]
[Round "9"]
[White "Astrom, Robert"]
[Black "Gdanski, Jacek"]
[Result "1-0"]
[WhiteElo "2497"]
[BlackElo "2606"]
[PlyCount "110"]
[EventDate "2005.10.??"]
[EventType "team"]
[EventRounds "11"]
[EventCountry "SWE"]
[SourceTitle "EXT 2008"]
[Source "ChessBase"]
[SourceDate "2007.11.25"]
[SourceVersion "1"]
[SourceVersionDate "2007.11.25"]
[SourceQuality "1"]
[WhiteTeam "Lulea"]
[BlackTeam "Eksjo"]
[WhiteTeamCountry "SWE"]
[BlackTeamCountry "SWE"]

1. d4 Nf6 2. c4 c5 3. d5 e6 4. Nc3 exd5 5. cxd5 d6 6. e4 g6 7. h3 a6 8. Nf3 b5 9. Bd3 Bg7 10. 0-0 0-0 11. Re1 Re8 12. a3 Ra7 13. Be3 Rc7 14. Rc1 Nbd7 15. Qd2 Bb7 16. b4 Qc8 17. bxc5 Nxc5 18. Bxc5 Rxc5 19. Na2 Nd7 20. a4 bxa4 21. Qb4 Rxc1 22. Rxc1 Nc5 23. Bc2 Qd8 24. Re1 a5 25. Qa3 Qb6 26. Rb1 Qa6 27. Bxa4 Rxe4 28. Bb5 Qa8 29. Nd2 Re7 30. Nc4 Bxd5 31. Nb6 Qb7 32. Nxd5 Qxd5 33. Qxa5 Ne6 34. Nb4 Qc5 35. Nd3 Qd5 36. Nb4 Qg5 37. Qa8+ Nf8 38. Nd5 Re6 39. Bf1 h5 40. Rd1 Kh7 41. g3 h4 42. g4 Qe5 43. Qd8 Re8 44. Qxh4+ Kg8 45. f4 Qe4 46. Bg2 Qe2 47. Rf1 Nh7 48. Kh1 Qd2 49. g5 Re2 50. Qg3 Bd4 51. h4 Bf2 52. Qg4 Re1 53. Rxe1 Qxe1+ 54. Kh2 Bxh4 55. Kh3 Bf2 1-0

[Event "SWE-chT 0506"]
[Site "Sweden"]
[Date "2006.??.??"]
[Round "8"]
[White "Furhoff, Johan"]
[Black "Astrom, Robert"]
[Result "0-1"]
[WhiteElo "2430"]
[BlackElo "2497"]
[PlyCount "102"]
[EventDate "2005.10.??"]
[EventType "team"]
[EventRounds "11"]
[EventCountry "SWE"]
[SourceTitle "EXT 2008"]
[Source "ChessBase"]
[SourceDate "2007.11.25"]
[SourceVersion "1"]
[SourceVersionDate "2007.11.25"]
[SourceQuality "1"]
[WhiteTeam "Sodra"]
[BlackTeam "Lulea"]
[WhiteTeamCountry "SWE"]
[BlackTeamCountry "SWE"]

1. e4 c5 2. Nf3 d6 3. d4 cxd4 4. Nxd4 Nf6 5. Nc3 a6 6. Bg5 e6 7. f4 Qc7 8. Bd3 b5 9. Qe2 b4 10. Nd1 Nbd7 11. Nf2 h6 12. Bh4 e5 13. fxe5 dxe5 14. Nf5 g6 15. Ne3 Bb7 16. 0-0-0 Bg7 17. Nfg4 0-0 18. Bxf6 Nxf6 19. Nxf6+ Bxf6 20. h4 a5 21. Kb1 Bg7 22. h5 g5 23. Rhf1 Qc5 24. Nd5 Bc8 25. Bc4 Be6 26. Ne3 Rac8 27. Bd5 a4 28. Rd3 Rc7 29. g4 Rb8 30. Qd2 Bf8 31. Rc1 Qb6 32. b3 Rbc8 33. Nc4 Qa6 34. Bxe6 Qxe6 35. Qe2 Bc5 36. Rd5 Bd4 37. Rf1 axb3 38. cxb3 Rxc4 39. bxc4 b3 40. axb3 Ra8 41. Rxd4 exd4 42. Qf3 Ra7 43. Rf2 Qa6 44. Rb2 Qa1+ 45. Kc2 Qe1 46. b4 Ra1 47. Kb3 Rc1 48. Qe2 Qc3+ 49. Ka4 d3 50. Qh2 Qxc4 51. Ra2 Rc2 0-1

[Event "SWE-chT 0506"]
[Site "Sweden"]
[Date "2005.??.??"]
[Round "3"]
[White "Astrom, Robert"]
[Black "Brynell, Stellan"]
[Result "0-1"]
[WhiteElo "2499"]
[BlackElo "2623"]
[PlyCount "112"]
[EventDate "2005.10.??"]
[EventType "team"]
[EventRounds "11"]
[EventCountry "SWE"]
[SourceTitle "EXT 2008"]
[Source "ChessBase"]
[SourceDate "2007.11.25"]
[SourceVersion "1"]
[SourceVersionDate "2007.11.25"]
[SourceQuality "1"]
[WhiteTeam "Lulea"]
[BlackTeam "Limhamn"]
[WhiteTeamCountry "SWE"]
[BlackTeamCountry "SWE"]

1. d4 e6 2. c4 Nf6 3. Nf3 b6 4. g3 Ba6 5. Nbd2 Bb4 6. Qc2 Bb7 7. Bg2 Be4 8. Qb3 Bxd2+ 9. Bxd2 0-0 10. 0-0 d6 11. Rfd1 Nbd7 12. Be1 Re8 13. Qe3 a5 14. b3 Qb8 15. a3 h6 16. b4 axb4 17. axb4 b5 18. c5 Qb7 19. Qc3 Ra4 20. Rdc1 Qa6 21. Bf1 Ra8 22. Rxa4 bxa4 23. Nd2 a3 24. f3 a2 25. Nb3 Bb1 26. e4 Qa4 27. Na1 e5 28. d5 Rb8 29. Be2 Ne8 30. Qe3 f5 31. cxd6 cxd6 32. Rc6 Ndf6 33. Ra6 Qd7 34. exf5 Qxf5 35. Bc4 Kh8 36. Bxa2 Bxa2 37. Rxa2 Qb1 38. Ra4 Nxd5 39. Qd2 Nxb4 40. Rxb4 Rxb4 41. Qxb4 Qxa1 42. Kg2 Qa2+ 43. Qd2 Qe6 44. f4 exf4 45. gxf4 Nf6 46. Bf2 Qg4+ 47. Kf1 Ne4 48. Qe3 d5 49. Be1 Kh7 50. h3 Qf5 51. Kg2 Kg6 52. Qd4 Nf6 53. Bc3 Qe4+ 54. Qxe4+ dxe4 55. Kf2 Kf5 56. Be5 g5 0-1

[Event "ISL-chT 0001"]
[Site "Reykjavik"]
[Date "2001.??.??"]
[Round "?"]
[White "Astrom, Robert"]
[Black "Bjornsson, Sigurbjorn"]
[Result "1/2-1/2"]
[WhiteElo "2427"]
[BlackElo "2284"]
[PlyCount "32"]
[EventDate "2000.11.17"]
[EventType "team"]
[EventRounds "7"]
[EventCountry "ISL"]
[SourceTitle "EXT 2002"]
[Source "ChessBase"]
[SourceDate "2001.11.25"]
[SourceVersion "1"]
[SourceVersionDate "2001.11.25"]
[SourceQuality "1"]

1. d4 Nf6 2. Nf3 g6 3. g3 Bg7 4. Bg2 0-0 5. 0-0 d6 6. a4 a5 7. Nc3 Nbd7 8. e4 e5 9. Re1 Re8 10. h3 c6 11. dxe5 dxe5 12. b3 Qc7 13. Ba3 Bf8 14. Qc1 Kg7 15. Bxf8+ Nxf8 16. Qb2 b6 1/2-1/2

[Event "ISL-chT 0001"]
[Site "Reykjavik"]
[Date "2001.??.??"]
[Round "?"]
[White "Astrom, Robert"]
[Black "Karason, Askell Orn"]
[Result "1/2-1/2"]
[WhiteElo "2427"]
[BlackElo "2258"]
[PlyCount "128"]
[EventDate "2000.11.17"]
[EventType "team"]
[EventRounds "7"]
[EventCountry "ISL"]
[SourceTitle "EXT 2002"]
[Source "ChessBase"]
[SourceDate "2001.11.25"]
[SourceVersion "1"]
[SourceVersionDate "2001.11.25"]
[SourceQuality "1"]

1. d4 Nf6 2. Nf3 e6 3. c4 Bb4+ 4. Nbd2 b6 5. a3 Bxd2+ 6. Qxd2 Bb7 7. e3 Ne4 8. Qc2 d6 9. Be2 0-0 10. 0-0 f5 11. Ne1 Nd7 12. f3 Nef6 13. Nd3 Qe7 14. b4 e5 15. dxe5 dxe5 16. Nf2 Nh5 17. Bb2 c5 18. Rfd1 f4 19. e4 Rfe8 20. Rd3 Nf8 21. Qd2 Nf6 22. Rd1 Rac8 23. Rd6 Rc7 24. b5 Rd7 25. Rxd7 Qxd7 26. Qxd7 N8xd7 27. g3 fxg3 28. hxg3 Re7 29. Bf1 Kf8 30. Bh3 Ke8 31. a4 a5 32. Nd3 g5 33. Bf5 g4 34. Kg2 gxf3+ 35. Kxf3 Rf7 36. Ke3 Rg7 37. Nxe5 Rxg3+ 38. Kf2 Rb3 39. Bxd7+ Nxd7 40. Rxd7 Rxb2+ 41. Ke3 Bxe4 42. Kxe4 Re2+ 43. Kf4 Rxe5 44. Rxh7 Re1 45. Rb7 Rc1 46. Ke5 Rxc4 47. Rxb6 Kd7 48. Kd5 Rxa4 49. Rh6 Rg4 50. Kxc5 a4 51. Kb6 a3 52. Rh7+ Kc8 53. Rh8+ Kd7 54. Ra8 Rg3 55. Ra4 Rb3 56. Rd4+ Kc8 57. Rc4+ Kb8 58. Rh4 Kc8 59. Rh8+ Kd7 60. Ra8 Rc3 61. Ra4 Kc8 62. Ra8+ Kd7 63. Ra7+ Kc8 64. Ra8+ Kd7 1/2-1/2

[Event "SWE-chT 0001"]
[Site "Sweden"]
[Date "2000.10.14"]
[Round "2"]
[White "Svenn, Gosta"]
[Black "Astrom, Robert"]
[Result "0-1"]
[WhiteElo "2360"]
[BlackElo "2468"]
[PlyCount "118"]
[EventDate "2000.10.13"]
[EventType "team"]
[EventRounds "11"]
[EventCountry "SWE"]
[SourceTitle "EXT 2006"]
[Source "ChessBase"]
[SourceDate "2005.11.24"]
[SourceVersion "1"]
[SourceVersionDate "2005.11.24"]
[SourceQuality "1"]
[WhiteTeam "Kamraterna "]
[BlackTeam "Lulea "]
[WhiteTeamCountry "SWE"]
[BlackTeamCountry "SWE"]

1. c4 e5 2. Nc3 Nf6 3. Nf3 Nc6 4. d3 d5 5. cxd5 Nxd5 6. e4 Nxc3 7. bxc3 Bc5 8. Be2 0-0 9. 0-0 Bb6 10. a4 Re8 11. Rb1 h6 12. Qc2 a6 13. Be3 Bxe3 14. fxe3 Qe7 15. Rfe1 b6 16. d4 Bg4 17. Nd2 Bxe2 18. Rxe2 Rad8 19. Qa2 Rd6 20. Qc4 Nb8 21. Rf1 Rc6 22. Qb3 Rf6 23. Ref2 Rxf2 24. Rxf2 Nd7 25. Qc4 Nf6 26. h3 a5 27. Rf5 Qd6 28. Qb5 Qd7 29. Rxe5 Qxb5 30. Rxb5 Nxe4 31. Nxe4 Rxe4 32. Kf2 Re6 33. c4 Kf8 34. c5 Ke7 35. cxb6 cxb6 36. Kf3 Kd7 37. e4 Rf6+ 38. Ke3 Kc7 39. g4 Rf1 40. Rb2 Ra1 41. Rc2+ Kd6 42. e5+ Kd5 43. Rc7 Ra3+ 44. Kd2 Rxa4 45. Rd7+ Ke4 46. Rxf7 Rxd4+ 47. Kc3 Kxe5 48. Rxg7 Rf4 49. h4 b5 50. h5 b4+ 51. Kb3 Rf3+ 52. Kb2 a4 53. g5 a3+ 54. Kb1 b3 55. Re7+ Kd6 56. Re1 hxg5 57. Rh1 Rf7 58. h6 Rh7 59. Rh3 Ke5 0-1

[Event "SWE-chT 9900"]
[Site "Sweden"]
[Date "2000.??.??"]
[Round "9"]
[White "Astrom, Robert"]
[Black "Vernersson, Per"]
[Result "1-0"]
[WhiteElo "2452"]
[BlackElo "2353"]
[PlyCount "117"]
[EventDate "1999.11.??"]
[EventType "team"]
[EventRounds "11"]
[EventCountry "SWE"]
[SourceTitle "EXT 2002"]
[Source "ChessBase"]
[SourceDate "2001.11.25"]
[SourceVersion "1"]
[SourceVersionDate "2001.11.25"]
[SourceQuality "1"]

1. d4 d5 2. c4 e6 3. Nc3 Be7 4. Nf3 Nf6 5. Bf4 0-0 6. e3 c5 7. dxc5 Bxc5 8. a3 a6 9. cxd5 Nxd5 10. Nxd5 exd5 11. Bd3 Bb6 12. h3 Nc6 13. 0-0 h6 14. Bc2 Be6 15. Qd3 f5 16. Rfd1 Rf7 17. Bb3 Kh8 18. Ne5 Nxe5 19. Bxe5 Rc8 20. Qe2 Bc7 21. Bxc7 Rfxc7 22. Qf3 Rc5 23. Ba2 a5 24. b4 axb4 25. axb4 Rb5 26. Rd2 Qe7 27. Rad1 Rxb4 28. Bxd5 Rd8 29. Bxe6 Rxd2 30. Rxd2 Qxe6 31. Rd5 f4 32. exf4 Re4 33. Rd8+ Kh7 34. Qd3 Qc4 35. Qxc4 Rxc4 36. f5 b5 37. Rb8 b4 38. g4 Rc3 39. Kg2 b3 40. h4 g5 41. fxg6+ Kxg6 42. Rb6+ Kg7 43. f3 Rc2+ 44. Kg3 b2 45. g5 hxg5 46. hxg5 Kf7 47. Kg4 Kg7 48. f4 Kf7 49. f5 Rg2+ 50. Kh4 Rh2+ 51. Kg3 Rc2 52. Rb7+ Kf8 53. Kg4 Rf2 54. f6 Ke8 55. Kh5 Kd8 56. Kg6 Kc8 57. Rb3 Kd7 58. Kg7 Ke6 59. Rb6+ 1-0

[Event "SWE-chT 9900"]
[Site "Sweden"]
[Date "2000.??.??"]
[Round "8"]
[White "Wedberg, Tom"]
[Black "Astrom, Robert"]
[Result "1/2-1/2"]
[WhiteElo "2487"]
[BlackElo "2452"]
[PlyCount "35"]
[EventDate "1999.11.??"]
[EventType "team"]
[EventRounds "11"]
[EventCountry "SWE"]
[SourceTitle "EXT 2002"]
[Source "ChessBase"]
[SourceDate "2001.11.25"]
[SourceVersion "1"]
[SourceVersionDate "2001.11.25"]
[SourceQuality "1"]

1. e4 c5 2. Nc3 e6 3. Nf3 a6 4. g3 b5 5. Bg2 Bb7 6. d3 d6 7. 0-0 Qc7 8. Nd2 Nc6 9. f4 Be7 10. f5 Bf6 11. fxe6 fxe6 12. Bh3 Qe7 13. Nf3 Nd4 14. Nxd4 Bxd4+ 15. Kh1 Bxc3 16. bxc3 Nf6 17. Kg1 0-0 18. Bd2 1/2-1/2

[Event "Excelsior Cup"]
[Site "Gothenburg"]
[Date "1999.01.10"]
[Round "4"]
[White "Astrom, Robert"]
[Black "Barkhagen, Jonas"]
[Result "1-0"]
[WhiteElo "2462"]
[BlackElo "2415"]
[PlyCount "81"]
[EventDate "1999.01.07"]
[EventType "tourn"]
[EventRounds "9"]
[EventCountry "SWE"]
[EventCategory "10"]
[SourceTitle "CBM 069"]
[Source "ChessBase"]
[SourceDate "1999.04.01"]
[SourceVersion "1"]
[SourceVersionDate "1999.04.01"]
[SourceQuality "1"]

1. Nf3 c5 2. e4 d6 3. d4 cxd4 4. Nxd4 Nf6 5. Nc3 g6 6. Be3 Bg7 7. f3 0-0 8. Qd2 Nc6 9. Bc4 Nd7 10. h4 Nb6 11. Bb3 Na5 12. 0-0-0 Nbc4 13. Qe2 Nxb3+ 14. cxb3 Nxe3 15. Qxe3 b5 16. h5 Bd7 17. Kb1 b4 18. Nd5 e6 19. Nxb4 Qf6 20. Nbc2 Rfc8 21. Qd2 Rc5 22. hxg6 fxg6 23. Ne3 h5 24. b4 Rc7 25. Nb3 Rb7 26. Na5 Rb5 27. e5 Rxe5 28. Nac4 Rg5 29. Qxd6 Bb5 30. Rd2 Rc8 31. Rc1 h4 32. a3 Kh7 33. Ka2 Bxc4+ 34. Rxc4 Rxc4 35. Nxc4 h3 36. gxh3 Qxf3 37. Qxe6 Qf4 38. Rd7 Rg2 39. Qf7 Qxc4+ 40. Qxc4 Rxb2+ 41. Ka1 1-0

[Event "SWE-chT 9899"]
[Site "Sweden"]
[Date "1999.??.??"]
[Round "8"]
[White "Ahlander, Bjorn"]
[Black "Astrom, Robert"]
[Result "1-0"]
[WhiteElo "2523"]
[BlackElo "2460"]
[PlyCount "139"]
[EventDate "1998.??.??"]
[EventType "team"]
[EventRounds "11"]
[EventCountry "SWE"]
[SourceTitle "EXT 2000"]
[Source "ChessBase"]
[SourceDate "1999.11.16"]
[SourceVersion "1"]
[SourceVersionDate "1999.11.16"]
[SourceQuality "1"]

1. d4 d5 2. c4 dxc4 3. e4 Nf6 4. e5 Nd5 5. Bxc4 Nb6 6. Bd3 Nc6 7. Be3 Nb4 8. Be4 f5 9. exf6 exf6 10. a3 f5 11. axb4 Bxb4+ 12. Nc3 fxe4 13. Qh5+ Kf8 14. Nge2 Qe8 15. Qh4 Kg8 16. 0-0 Bf5 17. d5 h6 18. Bxb6 cxb6 19. Nd4 Qe5 20. Nxf5 Qxf5 21. Nxe4 Qxd5 22. Nf6+ gxf6 23. Qxb4 Rh7 24. Rfd1 Qc5 25. Qb3+ Kh8 26. Rxa7 Re8 27. g3 Rhe7 28. Qf3 Qc6 29. Qxc6 bxc6 30. Rxe7 Rxe7 31. Rd6 Re1+ 32. Kg2 Rc1 33. Rxf6 Kg7 34. Rd6 b5 35. h4 c5 36. h5 Rc2 37. b3 c4 38. bxc4 Rxc4 39. Rg6+ Kh7 40. Rb6 b4 41. Rb7+ Kg8 42. Kf1 Rc1+ 43. Ke2 Rc5 44. g4 Rc4 45. f3 Rc2+ 46. Kd3 Rc3+ 47. Ke4 Rc4+ 48. Ke5 Rc5+ 49. Kf4 Rc4+ 50. Kg3 Kf8 51. Rd7 Kg8 52. Rb7 Kf8 53. Rb5 Kg7 54. Kf2 Rc2+ 55. Ke3 Rc4 56. Rb7+ Kg8 57. Rb6 Kg7 58. Rg6+ Kh7 59. Rd6 Rc7 60. Rd3 Rb7 61. Kd2 b3 62. Kc1 b2+ 63. Kb1 Kg7 64. Ra3 Rb6 65. Ra7+ Kg8 66. Rd7 Rb3 67. Rd6 Kg7 68. Rg6+ Kh7 69. Rf6 Kg7 70. Rf5 1-0

[Event "SWE-chT 9900"]
[Site "Sweden"]
[Date "1999.??.??"]
[Round "3"]
[White "Astrom, Robert"]
[Black "Cramling, Pia"]
[Result "0-1"]
[WhiteElo "2452"]
[BlackElo "2504"]
[PlyCount "78"]
[EventDate "1999.11.??"]
[EventType "team"]
[EventRounds "11"]
[EventCountry "SWE"]
[SourceTitle "EXT 2002"]
[Source "ChessBase"]
[SourceDate "2001.11.25"]
[SourceVersion "1"]
[SourceVersionDate "2001.11.25"]
[SourceQuality "1"]

1. d4 Nf6 2. Nf3 g6 3. g3 Bg7 4. Bg2 0-0 5. 0-0 d6 6. a4 Na6 7. Nc3 c5 8. e4 Bg4 9. Be3 Nd7 10. h3 Bxf3 11. Bxf3 Nc7 12. Bg2 cxd4 13. Bxd4 Bxd4 14. Qxd4 Re8 15. Qe3 Ne6 16. Nd5 Nc7 17. a5 Nxd5 18. exd5 Qc7 19. Rfc1 Qc5 20. Qe1 Qd4 21. c3 Qf6 22. Qd1 Rac8 23. Ra4 Rc7 24. Rf4 Qg7 25. h4 h5 26. Qe2 Ne5 27. Re4 Ng4 28. Re1 Nf6 29. Rc4 Rec8 30. Rxc7 Rxc7 31. Qe3 a6 32. Qb6 Ne8 33. Bf3 Qh6 34. Re3 Rd7 35. Bd1 Nf6 36. c4 Ng4 37. Bxg4 hxg4 38. Rxe7 Rxe7 39. Qd8+ Qf8 0-1

[Event "SWE-ch"]
[Site "Lidkoping"]
[Date "1999.??.??"]
[Round "2"]
[White "Astrom, Robert"]
[Black "Jepson, Christian"]
[Result "1-0"]
[WhiteElo "2452"]
[BlackElo "2465"]
[PlyCount "91"]
[EventDate "1999.??.??"]
[EventType "tourn"]
[EventRounds "13"]
[EventCountry "SWE"]
[EventCategory "8"]
[SourceTitle "EXT 2006"]
[Source "ChessBase"]
[SourceDate "2005.11.24"]
[SourceVersion "1"]
[SourceVersionDate "2005.11.24"]
[SourceQuality "1"]

1. d4 d6 2. Nf3 g6 3. c4 f5 4. g3 Bg7 5. Bg2 Nf6 6. 0-0 0-0 7. Nc3 c6 8. d5 e5 9. dxe6 Bxe6 10. Qd3 Na6 11. Ng5 Qe7 12. Nxe6 Qxe6 13. Bf4 Rad8 14. Rad1 Rfe8 15. b3 Ng4 16. h3 Ne5 17. Qd2 Nf7 18. Rfe1 Qf6 19. Rc1 Nc5 20. b4 Ne6 21. b5 Nxf4 22. gxf4 Rc8 23. bxc6 bxc6 24. e3 Kh8 25. Ne2 Rg8 26. Rb1 g5 27. Ng3 Nd8 28. Qd3 Ne6 29. Qxd6 gxf4 30. exf4 Nd4 31. Qxf6 Bxf6 32. Rb7 Rg7 33. Rxg7 Kxg7 34. Rb1 Re8 35. Kf1 Re7 36. Rb8 Nc2 37. Bxc6 Re1+ 38. Kg2 Nd4 39. Bd5 Bh4 40. Rb7+ Kf6 41. Rxa7 Bxg3 42. fxg3 Re2+ 43. Kf1 Rh2 44. Ra6+ Ke7 45. Ra7+ Kd6 46. Bg2 1-0

[Event "SWE-ch"]
[Site "Lidkoping"]
[Date "1999.??.??"]
[Round "10"]
[White "Astrom, Robert"]
[Black "Wedberg, Tom"]
[Result "0-1"]
[WhiteElo "2452"]
[BlackElo "2487"]
[PlyCount "82"]
[EventDate "1999.??.??"]
[EventType "tourn"]
[EventRounds "13"]
[EventCountry "SWE"]
[EventCategory "8"]
[SourceTitle "EXT 2006"]
[Source "ChessBase"]
[SourceDate "2005.11.24"]
[SourceVersion "1"]
[SourceVersionDate "2005.11.24"]
[SourceQuality "1"]

1. d4 Nf6 2. c4 e6 3. Nf3 c5 4. d5 d6 5. Nc3 exd5 6. cxd5 g6 7. e4 a6 8. h3 b5 9. Bd3 Bg7 10. 0-0 0-0 11. Re1 Re8 12. a3 Nbd7 13. Bf4 Qb6 14. Qd2 c4 15. Bc2 Bb7 16. Rad1 Rac8 17. Bh6 Bh8 18. Be3 Qc7 19. Bd4 Bg7 20. Nh2 Nc5 21. f4 Nfd7 22. Bxg7 Kxg7 23. g4 Qb6 24. Kg2 Nb3 25. Bxb3 cxb3 26. Nf3 Rc4 27. Nd4 Nc5 28. f5 Qd8 29. g5 Kh8 30. Qf4 Qe7 31. h4 Qe5 32. Qxe5+ dxe5 33. Nf3 gxf5 34. exf5 e4 35. Kg3 e3 36. Re2 Rxc3 37. bxc3 Ne4+ 38. Kf4 Nxc3 39. Rde1 Re4+ 40. Kg3 Nxe2+ 41. Rxe2 Bxd5 0-1